Un Régimen especial para Catalunya
Publicado:
San Jorge, núm. 98 - 99 (desembre 1976), pàg 36 - 51 :
MARC
| LEADER | 00000nam a2200000Ia 4500 | ||
|---|---|---|---|
| 001 | |||
| 008 | 160829s9999 xx 000 0 cat d | ||
| 245 | |a Un Régimen especial para Catalunya | ||
| 260 | |a San Jorge, núm. 98 - 99 (desembre 1976), pàg 36 - 51 | ||
| 600 | 1 | 0 | |a Fraga Iribarne, Manuel, |d 1922-2012 |9 56232 |
| 650 | 0 | |a Administració local |x Dret i legislació |z Catalunya |9 37894 | |
| 650 | |a Samaranch, Joan Antoni |x Discursos |9 45530 | ||
| 650 | |a Mayor Zaragoza, Federico |x Discursos I |9 45527 | ||
| 901 | |a Arxiu | ||
| 942 | |n 1 | ||
| 952 | |0 0 |1 0 |4 0 |7 1 |9 52654 |a Arxiu |b Arxiu |d 2016-12-01 |l 0 |r 2016-12-01 00:00:00 |w 2016-12-01 |y ARXIU | ||
| 999 | |c 56503 |d 56503 | ||